[Event "AUTO-INT-290"]
[Site "http://www.queenalice.com/game.php?id=146008"]
[Date "2006.12.24"]
[Round "1"]
[White "lipikinis"]
[Black "jeffersonchess"]
[Result "0-1"]
[WhiteElo "1446"]
[BlackElo "1594"]

1. d4 Nf6 2. c4 e6 3. c5 d6 4. b4 b6 5. e3 dxc5 6. Bb5+ c6 7. Be2 cxb4 8. Nf3
Be7 9. Ne5 Bb7 10. Bf3 Nfd7 11. O-O Nxe5 12. dxe5 O-O 13. Qe2 Ba6 14. Qe1 Bxf1
15. Qxf1 Qc7 16. Bb2 Nd7 17. Nd2 Rad8 18. Nc4 b5 19. Nd6 Bxd6 20. exd6 Qxd6 21.
Rd1 Qc7 22. Rd3 Nc5 23. Rd4 Rxd4 24. exd4 Na4 25. Bc1 Rd8 26. Be3 Nc3 27. Qa1
Rc8 28. a3 a5 29. Qb2 Nd5 30. Bxd5 cxd5 31. axb4 a4 32. g4 Qc3 33. Qe2 Qxb4 34.
h4 a3 35. h5 Qb2 36. Qxb5 Qxb5 37. g5 Qe2 38. Kg2 Rc3 39. Kg3 Rxe3+ 40. Kg2 Qf3+
41. Kg1 Re1+ 42. Kh2 Rh1# 0-1

[Event "AUTO-INT-290"]
[Site "http://www.queenalice.com/game.php?id=146009"]
[Date "2006.12.24"]
[Round "1"]
[White "jeffersonchess"]
[Black "lipikinis"]
[Result "1-0"]
[WhiteElo "1572"]
[BlackElo "1465"]

1. d4 d5 2. c4 dxc4 3. Nc3 e6 4. e4 e5 5. d5 Bc5 6. Bxc4 Nf6 7. Nf3 O-O 8. Nxe5
Nbd7 9. Nxd7 Nxd7 10. O-O Ne5 11. Be2 Qf6 12. Na4 Bd6 13. f4 Nf3+ 14. Bxf3 Bxf4
15. Bxf4 Qxf4 16. Qc1 Qd6 17. Qc5 Qa6 18. b3 b6 19. Qxc7 Qa5 20. Qc3 Qa6 21. e5
Bd7 22. Nb2 b5 23. Rfc1 Rac8 24. Qd2 Rfe8 25. Rxc8 Bxc8 26. Qd4 Bb7 27. Nd3 Rd8
28. d6 Bxf3 29. gxf3 Qc6 30. Kg2 Qd7 31. Rc1 Ra8 32. Rc7 Qe6 33. Nf4 Qf5 34. Qe4
Qg5+ 35. Kf2 a5 36. Qxa8+ Qd8 37. Qxd8# 1-0

[Event "Challenge"]
[Site "http://www.queenalice.com/game.php?id=152405"]
[Date "2007.1.10"]
[Round "-"]
[White "lipikinis"]
[Black "lepiaf"]
[Result "0-1"]
[WhiteElo "1436"]
[BlackElo "1561"]

1. Nf3 d5 2. d4 Nc6 3. c3 Bd7 4. g3 f6 5. Bg2 e6 6. b4 a6 7. Na3 g5 8. O-O g4 9.
Nd2 a5 10. b5 Nce7 11. b6 cxb6 12. e4 Qc7 13. Qxg4 O-O-O 14. Qe2 Bc6 15. c4 f5
16. Nb5 Bxb5 17. cxb5 Qc3 18. Nb3 a4 19. Bd2 Qb2 20. Rfb1 Qa3 21. Nc1 Qd6 22.
Bf4 e5 23. dxe5 Qe6 24. Qc2+ Kb8 25. Qxa4 Ng6 26. Bg5 Rd7 27. Nd3 dxe4 28. Nf4
Nxf4 29. Bxf4 Ne7 30. Re1 Nd5 31. Bf1 Nxf4 32. gxf4 Qd5 33. Red1 Rg8+ 34. Bg2
Qe6 35. a3 Qg6 36. Kf1 Qxg2+ 37. Ke2 Qf3+ 38. Ke1 Rg1# 0-1

[Event "AUTO-INT-309"]
[Site "http://www.queenalice.com/game.php?id=153360"]
[Date "2007.1.12"]
[Round "1"]
[White "ray"]
[Black "lipikinis"]
[Result "1-0"]
[WhiteElo "1714"]
[BlackElo "1559"]

1. c4 c5 2. g3 d5 3. Nc3 dxc4 4. e4 e5 5. Bxc4 Bd6 6. Qh5 g6 7. Qf3 Na6 8. Bxa6
bxa6 9. Nh3 Bxh3 10. Nd5 Be6 11. d3 Qd7 12. Bg5 Bg4 13. Qe3 h6 14. Bf6 Rh7 15.
h3 Be6 16. Qf3 Bxd5 17. exd5 Qa4 18. O-O Qc2 19. Rfe1 Qxb2 20. Rab1 Qxa2 21. Rb7
Ne7 22. Bxe7 Bxe7 23. Rxe5 f6 24. Qxf6 Rf7 25. Qh8+ Rf8 26. Rexe7+ Kd8 27. Qxf8#
1-0

[Event "AUTO-INT-309"]
[Site "http://www.queenalice.com/game.php?id=153361"]
[Date "2007.1.12"]
[Round "1"]
[White "lipikinis"]
[Black "ray"]
[Result "0-1"]
[WhiteElo "1549"]
[BlackElo "1674"]

1. Nf3 c5 2. d4 Nc6 3. e3 Nf6 4. Bb5 Qc7 5. dxc5 Qa5+ 6. Nc3 Ne4 7. Nd2 Nxc3 8.
bxc3 Qxb5 9. c4 Qxc5 10. O-O g6 11. Bb2 Bg7 12. Bxg7 Rg8 13. Nb3 Qb4 14. Bh6 d6
15. Qe2 b6 16. a4 Ne5 17. Nd2 Be6 18. c3 Qxc3 19. Rac1 Qd3 20. Qxd3 Nxd3 21. Rb1
Bf5 22. e4 Be6 23. f4 O-O-O 24. f5 gxf5 25. exf5 Bd7 26. Ne4 Bc6 27. Ng3 Ne5 28.
Rbc1 Nd3 29. Rc3 Ne5 30. f6 exf6 31. Rxf6 Ng4 32. Rxf7 Nxh6 33. Rxh7 Nf5 34.
Rxa7 Rde8 35. Rc1 Nxg3 36. Rc2 Ne2+ 37. Kf1 Rgf8+ 38. Ke1 Nd4+ 39. Kd1 Nxc2 40.
Kxc2 Rf2+ 41. Kb3 Re3+ 42. Kb4 Rb2# 0-1

[Event "AUTO-INT-309"]
[Site "http://www.queenalice.com/game.php?id=153378"]
[Date "2007.1.12"]
[Round "1"]
[White "lipikinis"]
[Black "CLAYTO"]
[Result "1-0"]
[WhiteElo "1461"]
[BlackElo "1336"]

1. Nf3 d6 2. Nc3 e6 3. d4 Nf6 4. Bg5 h6 5. Bf4 Be7 6. e4 Nc6 7. Bb5 Bd7 8. d5 e5
9. Be3 a6 10. Bxc6 bxc6 11. O-O O-O 12. Nh4 Bg4 13. Qd3 c5 14. Nf5 Bxf5 15. Qc4
Bg4 16. b4 Rb8 17. bxc5 Rb2 18. h3 Rxc2 19. hxg4 Nxg4 20. Rab1 Nxe3 21. fxe3
dxc5 22. Qd3 Rxg2+ 23. Kxg2 Bh4 24. Qc4 Qg5+ 25. Kf3 1-0

[Event "AUTO-INT-309"]
[Site "http://www.queenalice.com/game.php?id=153379"]
[Date "2007.1.12"]
[Round "1"]
[White "CLAYTO"]
[Black "lipikinis"]
[Result "1-0"]
[WhiteElo "1413"]
[BlackElo "1436"]

1. Nf3 Nc6 2. e4 d5 3. e5 e6 4. Bb5 a6 5. Ba4 Nh6 6. d3 Bc5 7. O-O b5 8. Bb3 Nd4
9. Be3 Nhf5 10. Bg5 Qd7 11. c3 Nxb3 12. axb3 b4 13. d4 Bb6 14. c4 dxc4 15. bxc4
O-O 16. c5 Nxd4 17. cxb6 Nxf3+ 18. Qxf3 Rb8 19. Qg3 Rxb6 20. Bf6 g6 21. Qg5 Qd4
22. Qh6 Qxe5 23. Qg7# 1-0

[Event "AUTO-INT-309"]
[Site "http://www.queenalice.com/game.php?id=153380"]
[Date "2007.1.12"]
[Round "1"]
[White "lipikinis"]
[Black "Archer"]
[Result "1-0"]
[WhiteElo "1472"]
[BlackElo "1460"]

1. d4 d5 2. Nf3 Bf5 3. Nc3 Nf6 4. Bf4 e6 5. Nb5 Na6 6. e3 Ne4 7. Qe2 c6 8. a3
Be7 9. c3 g5 10. Bg3 cxb5 11. Qxb5+ Kf8 12. Qxb7 Qc8 13. Qxa6 Kg7 14. Qa4 h5 15.
Ba6 Qb8 16. Bxb8 Rhxb8 17. Qd7 Rxb2 18. Qxe7 Nxc3 19. Nxg5 Bg6 20. Nxe6+ Kg8 21.
Qf6 fxe6 22. Qxg6+ Kh8 23. Qxh5+ Kg7 24. Qe5+ Kf7 25. Qc7+ Kf6 26. Qxc3 Rb6 27.
Bc8 a5 28. g4 Ke7 29. Qc7+ Ke8 30. Qxb6 Rxc8 31. Qxe6+ Kd8 32. Qxd5+ Kc7 33.
Qxa5+ Kd7 34. Qf5+ Kd8 35. O-O Rc7 36. d5 Rd7 37. Rab1 Ke7 38. Rfc1 Ra7 39. Qh7+
1-0

[Event "AUTO-INT-309"]
[Site "http://www.queenalice.com/game.php?id=153381"]
[Date "2007.1.12"]
[Round "1"]
[White "Archer"]
[Black "lipikinis"]
[Result "0-1"]
[WhiteElo "1415"]
[BlackElo "1488"]

1. Nc3 Nf6 2. Nf3 c5 3. d3 d5 4. a4 d4 5. Nb5 e6 6. c4 a6 7. Na3 Bd6 8. g3 Nc6
9. h4 h6 10. Bh3 Qa5+ 11. Bd2 Nb4 12. O-O e5 13. e4 Bxh3 14. Re1 Qb6 15. h5 Nxd3
16. Re2 Ng4 17. Nc2 Ngxf2 18. a5 Qb3 19. Qb1 Qxc4 20. b3 Qb5 21. Rxf2 Nxf2 22.
Kxf2 d3 23. Nce1 O-O 24. Nxd3 c4 25. b4 cxd3 26. Nh2 Rac8 27. g4 Rc2 28. Kg3
Rxd2 29. Kxh3 Re2 30. Qb3 Rxe4 31. Qd1 Bxb4 32. Ra4 Re3+ 33. Kg2 d2 34. Nf1 Re2+
35. Kg3 Re1 36. Ra1 Rd8 37. Nxd2 Rxd1 38. Rxd1 Rd3+ 39. Kh4 Be7+ 40. g5 Qa4+ 0-1

[Event "Challenge"]
[Site "http://www.queenalice.com/game.php?id=187315"]
[Date "2007.3.25"]
[Round "-"]
[White "kloosterveen"]
[Black "lipikinis"]
[Result "0-1"]
[WhiteElo "1679"]
[BlackElo "1537"]

1. d4 Nf6 2. e3 d5 3. c4 Nc6 4. g3 e5 5. Nc3 Bb4 6. Bd2 exd4 7. exd4 Nxd4 8.
Nxd5 Bxd2+ 9. Qxd2 c5 10. Bg2 Bg4 11. Nxf6+ Qxf6 12. Rc1 O-O 13. Bxb7 Rae8+ 14.
Kf1 Nc6 15. Qd5 Qxb2 16. Qg5 Qxb7 17. Qxg4 Ne5 18. Qd1 Qxh1 19. f4 Nc6 20. Rc2
Qe4 21. Re2 Qxc4 22. Qc2 Qd5 23. Rd2 Nd4 24. Qa4 Rb8 25. Ne2 Qf3+ 26. Ke1 Rb1+
0-1

[Event "AUTO-INT-468"]
[Site "http://www.queenalice.com/game.php?id=215246"]
[Date "2007.5.23"]
[Round "1"]
[White "dtrainey"]
[Black "lipikinis"]
[Result "0-1"]
[WhiteElo "1496"]
[BlackElo "1569"]

1. c4 g6 2. d4 b6 3. b4 Bg7 4. Nf3 Bb7 5. d5 d6 6. e4 Bxa1 7. Nd4 Nf6 8. Qd2
Nxe4 9. Qc2 Bxd4 10. Qxe4 c5 11. Be3 Na6 12. Bxd4 cxd4 13. a3 O-O 14. Qxd4 Qd7
15. b5 e5 16. Qh4 Qf5 17. Nc3 Nc5 18. Be2 Ne4 19. Nxe4 a6 20. Nf6+ Kg7 21. Ne4
axb5 22. O-O Rxa3 23. Nxd6 Qc2 24. Bf3 Rfa8 25. h3 Ba6 26. cxb5 Bc8 27. Qe7 Ra1
28. Rxa1 Rxa1+ 29. Kh2 Bxh3 30. Ne8+ Kh6 31. gxh3 Qxf2+ 32. Bg2 Qf4# 0-1

[Event "AUTO-INT-468"]
[Site "http://www.queenalice.com/game.php?id=215247"]
[Date "2007.5.23"]
[Round "1"]
[White "lipikinis"]
[Black "dtrainey"]
[Result "1-0"]
[WhiteElo "1582"]
[BlackElo "1474"]

1. b3 c5 2. Bb2 d5 3. Nf3 b5 4. d3 d4 5. g3 Bb7 6. Nbd2 Bxf3 7. Nxf3 h6 8. Bg2
Qa5+ 9. Nd2 e5 10. Bxa8 c4 11. dxc4 a6 12. O-O bxc4 13. Nxc4 Qc5 14. c3 Nd7 15.
cxd4 exd4 16. Bxd4 Qe7 17. Rc1 Ndf6 18. Nb6 g5 19. Rc8+ Qd8 20. Bc6+ Ke7 21.
Bc5+ Ke6 22. Rxd8 Bxc5 23. Nc4 h5 24. Bd5+ Ke7 25. Bc6 g4 26. e4 h4 27. e5 Rh5
28. exf6+ Nxf6 29. Re1+ Ne4 30. Rxe4+ Kf6 31. Qxg4 Rf5 32. Qxh4+ Rg5 33. g4 Kg6
34. Rg8+ 1-0

[Event "AUTO-INT-468"]
[Site "http://www.queenalice.com/game.php?id=215260"]
[Date "2007.5.23"]
[Round "1"]
[White "lipikinis"]
[Black "alexnu"]
[Result "1-0"]
[WhiteElo "1538"]
[BlackElo "1696"]

1. c4 g5 2. g3 Bg7 3. d4 h6 4. Nd2 Bxd4 5. e3 Bg7 6. Bg2 Nc6 7. Ne2 Nf6 8. Ne4
d6 9. N2c3 Bg4 10. Qd2 Be6 11. Nxf6+ Bxf6 12. Ne4 Bg7 13. Nc3 Bxc4 14. b3 Ba6
15. a4 O-O 16. Ba3 Ne5 17. b4 Nc4 18. Qc2 Nxa3 19. Rxa3 Bc4 20. Bxb7 Rb8 21. Qe4
Be6 22. Bc6 Qc8 23. Nd5 f5 24. Qc4 Bxd5 25. Bxd5+ Kh8 26. h4 g4 27. O-O Rf6 28.
e4 e6 29. Bc6 Bf8 30. Rd3 d5 31. exd5 Rxb4 32. Qc3 Kg7 33. dxe6 Qxe6 34. Re1 Qc4
35. Rd7+ Kg6 36. h5+ Kg5 37. Qe3+ Kxh5 38. Rxc7 Rxc6 39. Qe8+ 1-0

[Event "AUTO-INT-468"]
[Site "http://www.queenalice.com/game.php?id=215261"]
[Date "2007.5.23"]
[Round "1"]
[White "alexnu"]
[Black "lipikinis"]
[Result "1-0"]
[WhiteElo "1807"]
[BlackElo "1576"]

1. g4 c5 2. Bg2 g6 3. c4 Bg7 4. Qb3 e6 5. Bxb7 Bxb7 6. Qxb7 Nc6 7. Nc3 Nge7 8.
Qb3 O-O 9. Nb5 d6 10. h3 a6 11. Na3 Nd4 12. Qd3 Nec6 13. e3 Ne5 14. Qf1 Ndf3+
15. Ke2 Qf6 16. d4 Nxg1+ 17. Rxg1 Qf3+ 18. Kd2 cxd4 19. Rg3 Qc6 20. f4 dxe3+ 21.
Rxe3 Nd7 22. Qf3 Qa4 23. Rb1 Nc5 24. b3 Qb4+ 25. Ke2 Bd4 26. Nc2 Qb7 27. Nxd4
Qxf3+ 28. Kxf3 e5 29. fxe5 dxe5 30. Nc6 e4+ 31. Kf4 Ne6+ 32. Kxe4 Rfe8 33. Kf3
Rac8 34. Nb4 Rcd8 35. Nd5 Nd4+ 36. Kf2 Re6 37. Rb2 Rxe3 38. Bxe3 Ne6 39. Rd2 Rf8
40. Bh6 Rd8 41. Ne7+ Kh8 42. Rxd8+ Nxd8 43. c5 f6 44. c6 Nxc6 45. Nxc6 Kg8 46.
Nb8 a5 47. Bd2 f5 48. gxf5 gxf5 49. Bxa5 h5 50. a4 Kf7 51. Bc3 Ke6 52. a5 Kd5
53. a6 Ke4 54. a7 Kd3 55. Bf6 f4 56. a8=Q Kc2 57. Qa2+ Kd3 58. Kf3 h4 59. Qe2#
1-0

[Event "AUTO-INT-468"]
[Site "http://www.queenalice.com/game.php?id=215262"]
[Date "2007.5.23"]
[Round "1"]
[White "lipikinis"]
[Black "CampbellMarcel"]
[Result "1-0"]
[WhiteElo "1554"]
[BlackElo "1716"]

1. g3 e5 2. b3 Nf6 3. Bb2 d6 4. Bg2 Nbd7 5. Nc3 Be7 6. d4 exd4 7. Qxd4 c5 8. Qe3
O-O 9. Nh3 Ng4 10. Qf4 Nde5 11. Nd5 g5 12. Qe4 f5 13. Qa4 Bd7 14. Qa3 b5 15. f4
b4 16. Qa6 Nc6 17. Nxe7+ Nxe7 18. Nxg5 Nc6 19. Qc4+ d5 20. Qxd5+ Be6 21. Qxe6+
Rf7 22. Qxf7# 1-0

[Event "AUTO-INT-468"]
[Site "http://www.queenalice.com/game.php?id=215263"]
[Date "2007.5.23"]
[Round "1"]
[White "CampbellMarcel"]
[Black "lipikinis"]
[Result "1-0"]
[WhiteElo "1813"]
[BlackElo "1560"]

1. e4 b6 2. d4 g6 3. Nf3 Bb7 4. Bd3 d5 5. e5 e6 6. Bg5 Ne7 7. O-O Nbc6 8. c3 Qd7
9. Qd2 O-O-O 10. a4 Na5 11. Bc2 h6 12. Bf6 Rg8 13. b3 Re8 14. Na3 Ba6 15. Bd3
Nxb3 16. Bxa6+ Kb8 17. Qb2 Nxa1 18. Rxa1 Qxa4 19. Nb5 Qc4 20. Nxa7 Qd3 21. Bxd3
Nf5 22. Nc6+ Kb7 23. Bb5 g5 24. Qa2 g4 25. Qa6# 1-0

[Event "AUTO-INT-527"]
[Site "http://www.queenalice.com/game.php?id=238863"]
[Date "2007.7.12"]
[Round "1"]
[White "fbn"]
[Black "lipikinis"]
[Result "1-0"]
[WhiteElo "1589"]
[BlackElo "1586"]

1. e4 e6 2. Nf3 d5 3. Nc3 d4 4. Nb5 c5 5. Bc4 g6 6. O-O a6 7. Na3 b5 8. Be2 Bg7
9. c3 b4 10. cxb4 cxb4 11. Qa4+ Nd7 12. Qxb4 Ne7 13. Nxd4 O-O 14. Bc4 Bxd4 15.
d3 a5 16. Qd2 Nc5 17. Rb1 a4 18. Qb4 Nxd3 19. Bxd3 Nc6 20. Qd2 e5 21. Nb5 Qb6
22. b3 axb3 23. Rxb3 Be6 24. Ba3 Rfc8 25. Rbb1 Bd7 26. Nd6 Qc7 27. Nxc8 Rxc8 28.
Rbc1 Qa7 29. Bd6 Be6 30. a3 Qb6 31. Rb1 Qa7 32. Rbc1 Qd7 33. Bb4 Nxb4 34. Rxc8+
Qxc8 35. axb4 f5 36. exf5 gxf5 37. Qg5+ Kh8 38. Rc1 Qb7 39. Qf6+ Qg7 40. Qxe6 h5
41. Rc8+ Kh7 42. Bxf5+ Qg6 43. Qxg6# 1-0

[Event "AUTO-INT-527"]
[Site "http://www.queenalice.com/game.php?id=238864"]
[Date "2007.7.12"]
[Round "1"]
[White "lipikinis"]
[Black "fbn"]
[Result "0-1"]
[WhiteElo "1586"]
[BlackElo "1602"]

1. e4 e5 2. g3 Nf6 3. Bg2 Bd6 4. b3 O-O 5. Bb2 Nc6 6. Ne2 Bc5 7. O-O d6 8. c4 b6
9. a3 Bd4 10. Nxd4 exd4 11. d3 Qe7 12. b4 a6 13. b5 axb5 14. cxb5 Na7 15. a4 Bb7
16. Bxd4 c5 17. bxc6 Bxc6 18. Bxb6 Nc8 19. a5 Qb7 20. Qb3 Nxb6 21. Qxb6 Qxb6 22.
axb6 Rxa1 23. d4 Rb8 24. d5 Bd7 25. Bf3 Rxb6 26. Nc3 Rxf1+ 27. Kxf1 Rb3 28. Kg2
Rxc3 29. h4 Bg4 30. Bxg4 Nxg4 31. f3 Nf6 32. g4 h5 33. g5 Nd7 34. Kg3 Nc5 35.
Kf4 g6 36. e5 Rc4+ 37. Kg3 dxe5 38. d6 Kf8 39. f4 exf4+ 40. Kf3 Ke8 41. Kf2 Kd7
42. Ke2 Kxd6 43. Kd2 Ke5 44. Ke2 Ke4 45. Kd2 f3 46. Ke1 Ke3 47. Kf1 Rc1# 0-1

[Event "AUTO-INT-527"]
[Site "http://www.queenalice.com/game.php?id=238881"]
[Date "2007.7.12"]
[Round "1"]
[White "lipikinis"]
[Black "MrRonMosley"]
[Result "0-1"]
[WhiteElo "1612"]
[BlackElo "1584"]

1. g3 e5 2. d3 h6 3. Bg2 Bc5 4. e4 Nf6 5. Bd2 d6 6. Nc3 Ng4 7. f3 Nf2 8. Qe2
Nxh1 9. O-O-O Nf2 10. Rf1 Nxd3+ 11. Qxd3 O-O 12. Nge2 Nc6 13. f4 Be6 14. Nd5 Nb4
15. Bxb4 Bxb4 16. Nxb4 c5 17. Nd5 a6 18. fxe5 dxe5 19. Nec3 b5 20. Qe3 Qa5 21.
Qxc5 Rac8 22. Qd6 b4 23. Ne7+ Kh8 24. Nxc8 Rxc8 25. Qxe5 Qxe5 0-1

[Event "AUTO-INT-527"]
[Site "http://www.queenalice.com/game.php?id=238882"]
[Date "2007.7.12"]
[Round "1"]
[White "MrRonMosley"]
[Black "lipikinis"]
[Result "0-1"]
[WhiteElo "1622"]
[BlackElo "1581"]

1. e4 b6 2. f4 Bb7 3. Nc3 e6 4. Nf3 g6 5. d4 Bb4 6. e5 Ne7 7. Bd2 d5 8. exd6
cxd6 9. a3 Bxc3 10. Bxc3 O-O 11. Qd3 Nf5 12. O-O-O Nc6 13. g4 Nh4 14. g5 Nxf3
15. Qxf3 Qc7 16. d5 exd5 17. Rxd5 Ne7 18. Bc4 Bxd5 19. Bxd5 Nxd5 20. Qxd5 Rae8
21. Qd4 f6 22. gxf6 Rf7 23. Rg1 Qc6 24. f5 d5 25. fxg6 hxg6 26. Rxg6+ Kh7 27.
Rg7+ Rxg7 28. fxg7 Qg6 29. Qxd5 Qg5+ 30. Kb1 Qxd5 31. b4 Qc4 32. Kb2 a5 33. bxa5
Qb5+ 34. Kc1 bxa5 35. h4 Qa4 36. Bb2 Qxh4 37. Bc3 Qg5+ 38. Kb2 a4 39. Bd4 Rc8
40. c3 Qg2+ 41. Kc1 Re8 42. Kd1 Rb8 43. Kc1 Rb3 44. c4 Rh3 0-1

[Event "AUTO-INT-527"]
[Site "http://www.queenalice.com/game.php?id=238883"]
[Date "2007.7.12"]
[Round "1"]
[White "lipikinis"]
[Black "txukahamae"]
[Result "1-0"]
[WhiteElo "1594"]
[BlackElo "1632"]

1. e3 e5 2. Nc3 Nc6 3. g3 f5 4. Bg2 Nf6 5. b3 d6 6. Nd5 Nxd5 7. Bxd5 Bd7 8. Ne2
g6 9. Nc3 Bg7 10. Qe2 Qe7 11. Nb5 a6 12. Nxc7+ Kd8 13. Nxa8 Nb4 14. Qc4 1-0

[Event "AUTO-INT-527"]
[Site "http://www.queenalice.com/game.php?id=238884"]
[Date "2007.7.12"]
[Round "1"]
[White "txukahamae"]
[Black "lipikinis"]
[Result "1-0"]
[WhiteElo "1657"]
[BlackElo "1595"]

1. d4 e6 2. c4 g6 3. Nc3 b6 4. e3 Bb7 5. Nf3 Bg7 6. Be2 Nf6 7. O-O Ne4 8. Nxe4
d5 9. cxd5 Bxd5 10. Nc3 Bxf3 11. Bxf3 c6 12. Qa4 O-O 13. Bxc6 Nxc6 14. Qxc6 a6
15. Qa4 b5 16. Qb3 Rb8 17. Bd2 b4 18. Ne2 a5 19. Ng3 a4 20. Qxa4 Qd6 21. Ne4 Qd5
22. Bxb4 Qxe4 23. Bxf8 Bxf8 24. b3 Qc2 25. Rfc1 Qe2 26. Re1 Qd3 27. Rec1 Qe4 28.
Qc4 Ba3 29. Rd1 Bb2 30. Rab1 Ba3 31. Qd3 Qa8 32. g3 Rd8 33. b4 Qd5 34. Qxa3 Ra8
35. Qb3 Qh5 36. b5 Rb8 37. b6 g5 38. b7 f5 39. Qxe6+ Kg7 40. Qc8 Rxc8 41. bxc8=Q
g4 42. Rb6 f4 43. Qc7+ Kh8 44. Rb8+ Qe8 45. Rxe8# 1-0

[Event "AUTO-INT-468"]
[Site "http://www.queenalice.com/game.php?id=244280"]
[Date "2007.7.23"]
[Round "2"]
[White "dac"]
[Black "lipikinis"]
[Result "1-0"]
[WhiteElo "1913"]
[BlackElo "1571"]

1. e4 b6 2. Nf3 Bb7 3. d3 g6 4. g3 e6 5. Bg2 Qe7 6. O-O Nc6 7. Nbd2 O-O-O 8. a4
Bh6 9. c3 Nf6 10. b4 e5 11. Nc4 Bxc1 12. Qxc1 h6 13. b5 Na5 14. Nfxe5 Nxc4 15.
Nxc4 d5 16. exd5 Nxd5 17. a5 h5 18. axb6 cxb6 19. Rxa7 Rd7 20. Bxd5 Rhd8 21. Qf4
Qc5 22. Bxb7+ Rxb7 23. Ra8+ Kd7 24. Qxf7+ Qe7 25. Nxb6+ Rxb6 26. Ra7+ Kd6 27.
Qxe7+ Kd5 28. Re1 Rxb5 29. Re5+ Kc6 30. Qc7# 1-0

[Event "AUTO-INT-468"]
[Site "http://www.queenalice.com/game.php?id=244281"]
[Date "2007.7.23"]
[Round "2"]
[White "lipikinis"]
[Black "dac"]
[Result "0-1"]
[WhiteElo "1591"]
[BlackElo "1860"]

1. g3 Nf6 2. b3 g6 3. Bg2 Bg7 4. Nc3 O-O 5. e4 d6 6. d4 c5 7. Nge2 cxd4 8. Nxd4
Nc6 9. O-O Nxe4 10. Bxe4 Nxd4 11. Be3 Nc6 12. Qd3 Bh3 13. Rfe1 Rc8 14. Nb5 Bxa1
15. Rxa1 d5 16. Bxd5 Nb4 17. Qe4 Qxd5 18. Qxb4 Qg2# 0-1

[Event "Challenge"]
[Site "http://www.queenalice.com/game.php?id=254732"]
[Date "2007.8.12"]
[Round "-"]
[White "vininb"]
[Black "lipikinis"]
[Result "1-0"]
[WhiteElo "1794"]
[BlackElo "1599"]

1. e4 b6 2. d4 Bb7 3. Nc3 d6 4. Bf4 Nf6 5. Bd3 e5 6. dxe5 dxe5 7. Bxe5 Nbd7 8.
Bxf6 Qxf6 9. Nd5 Bxd5 10. exd5 Qxb2 11. Nf3 1-0